Mycotoxins and other fungal related food problems : (Record no. 2447)

MARC details
000 -LEADER
fixed length control field 01293nam a2200349 4500
001 - CONTROL NUMBER
control field 000
005 - DATE AND TIME OF LATEST TRANSACTION
control field 20150226143940.0
007 - PHYSICAL DESCRIPTION FIXED FIELD--GENERAL INFORMATION
fixed length control field 000
008 - FIXED-LENGTH DATA ELEMENTS--GENERAL INFORMATION
fixed length control field 000
010 ## - LIBRARY OF CONGRESS CONTROL NUMBER
LC control number 76004547
020 ## - INTERNATIONAL STANDARD BOOK NUMBER
International Standard Book Number 0841202222
035 ## - SYSTEM CONTROL NUMBER
System control number (OCoLC)2072784
System control number (OCoLC)ocm02072784
System control number (CStRLIN)NYCG87-B27418
System control number (NNC)547255
040 ## - CATALOGING SOURCE
Original cataloging agency UOEL
050 0# - LIBRARY OF CONGRESS CALL NUMBER
Classification number QP632
Item number .M9R6 1976
082 ## - DEWEY DECIMAL CLASSIFICATION NUMBER
Classification number 540/.8 s
-- 615.9/52/92
090 ## - LOCALLY ASSIGNED LC-TYPE CALL NUMBER (OCLC); LOCAL CALL NUMBER (OCLC)
Classification number (OCLC) (R) ; Classification number, CALL (RLIN) (NR) QD1
Local cutter number (OCLC) ; Book number/undivided call number, CALL (RLIN) .A355 no. 149
245 00 - TITLE STATEMENT
Title Mycotoxins and other fungal related food problems :
Remainder of title a symposium sponsored by the Division of Agricultural and Food Chemistry at the 168th meeting of the American Chemical Society, Atlantic City, N.J., Sept. 11-13, 1974 : [papers] /
Statement of responsibility, etc Joseph V. Rodricks, editor.
260 ## - PUBLICATION, DISTRIBUTION, ETC. (IMPRINT)
Place of publication, distribution, etc Washington :
Name of publisher, distributor, etc American Chemical Society,
Date of publication, distribution, etc c1976
300 ## - PHYSICAL DESCRIPTION
Extent xi, 409 p. :
Other physical details ill. ;
Dimensions 24 cm.
490 1# - SERIES STATEMENT
Series statement Advances in chemistry series,
International Standard Serial Number 0065-2393 ;
Volume number/sequential designation 149
504 ## - BIBLIOGRAPHY, ETC. NOTE
Bibliography, etc Includes bibliographical references and index.
650 #0 - SUBJECT ADDED ENTRY--TOPICAL TERM
Topical term or geographic name as entry element Mycotoxins
Form subdivision Congresses.
General subdivision Physiology
Topical term or geographic name as entry element Food
General subdivision Microbiology
Form subdivision Congresses.
700 1# - ADDED ENTRY--PERSONAL NAME
Personal name Rodricks, Joseph V.,
Dates associated with a name 1938-
710 2# - ADDED ENTRY--CORPORATE NAME
Corporate name or jurisdiction name as entry element American Chemical Society.
Subordinate unit Division of Agricultural and Food Chemistry.
830 #0 - SERIES ADDED ENTRY--UNIFORM TITLE
Uniform title Advances in chemistry series ;
Volume number/sequential designation 149.
942 ## - ADDED ENTRY ELEMENTS (KOHA)
Source of classification or shelving scheme Library of Congress Classification
Item type Loan - Normal on open shelf
Holdings
Withdrawn status Lost status Source of classification or shelving scheme Damaged status Not for loan Home library Current library Shelving location Date acquired Total Checkouts Full call number Barcode Date last seen Copy number Price effective from Koha item type
    Library of Congress Classification     UOE Main Library UOE Main Library Open shelf 26/02/2015   QP632 .M9R6 1976 20135036 27/04/2026 20136036 26/02/2015 Loan - Normal on open shelf